000 00866nam a2200241Ia 4500
003 OSt
005 20220923221304.0
006 a|||||r|||| 00| 0
007 ta
008 220922b |||||||| |||| 00| 0 hin d
024 _a196,582
037 _cTextual
040 _aARTS
_cARTS
_bhin
041 _2hin
_ahin
082 _aP152vN7, 152L3
100 _aदेवेन्द्रकुमार
245 0 _aभाषा शास्त्र तथा हिन्दी भाषा की रूपरेखा
246 _aBhāṣhā shāstra tathā hindī bhāṣhā kī rūparekhā
260 _aवाराणसी
_b विश्वविद्यालय प्रका0
_c1973
300 _a352पृ.
_ccm.
942 _hP152vN7, 152L3
_cTEXL
_2CC
999 _c348453
_d348453